Expert systems : (Record no. 180445)
[ view plain ]
| 000 -LEADER | |
|---|---|
| fixed length control field | 00996 a2200229 4500 |
| 003 - CONTROL NUMBER IDENTIFIER | |
| control field | Nust |
| 005 - DATE AND TIME OF LATEST TRANSACTION | |
| control field | 20221024133842.0 |
| 010 ## - LIBRARY OF CONGRESS CONTROL NUMBER | |
| LC control number | 89046387 |
| 020 ## - INTERNATIONAL STANDARD BOOK NUMBER | |
| International Standard Book Number | 0818659041 (microfiche) |
| 020 ## - INTERNATIONAL STANDARD BOOK NUMBER | |
| International Standard Book Number | 0818689048 (case) |
| 040 ## - CATALOGING SOURCE | |
| Transcribing agency | Nust |
| 082 00 - DEWEY DECIMAL CLASSIFICATION NUMBER | |
| Classification number | 005.33,RAE |
| 100 ## - MAIN ENTRY--PERSONAL NAME | |
| Personal name | Raeth, Peter G. |
| 9 (RLIN) | 101263 |
| 245 00 - TITLE STATEMENT | |
| Title | Expert systems : |
| Remainder of title | a software methodology for modern applications / |
| Statement of responsibility, etc. | Peter G. Raeth. |
| 260 ## - PUBLICATION, DISTRIBUTION, ETC. | |
| Place of publication, distribution, etc. | Los Alamitos, Calif. : |
| Name of publisher, distributor, etc. | IEEE Computer Society Press, |
| Date of publication, distribution, etc. | c1990. |
| 300 ## - PHYSICAL DESCRIPTION | |
| Extent | xi, 460 p. : |
| Other physical details | ill. ; |
| Dimensions | 29 cm. |
| 440 #0 - SERIES STATEMENT/ADDED ENTRY--TITLE | |
| Title | IEEE Computer Society Press reprint collection |
| 9 (RLIN) | 101264 |
| 505 ## - FORMATTED CONTENTS NOTE | |
| Formatted contents note | Introduction to Expert System (Page-1), Evaluating Expert System Shells (Page-33), Applications Specific Technique (Page-91), Knowledge Representation (Page-179), Knowledge Acquisition (Page-269), Reasoning Methods (Page-323), Issues and Commentary (Page-419). |
| 650 #0 - SUBJECT ADDED ENTRY--TOPICAL TERM | |
| Topical term or geographic name entry element | Expert systems (Computer science) |
| 9 (RLIN) | 21983 |
| 700 1# - ADDED ENTRY--PERSONAL NAME | |
| Personal name | Raeth, Peter G. |
| 9 (RLIN) | 101263 |
| 942 ## - ADDED ENTRY ELEMENTS (KOHA) | |
| Source of classification or shelving scheme | |
| Koha item type | Book |
| Call number prefix | 006.33,RAE |
| Withdrawn status | Lost status | Source of classification or shelving scheme | Damaged status | Not for loan | Permanent Location | Current Location | Shelving location | Date acquired | Full call number | Barcode | Date last seen | Price effective from | Koha item type | Public note |
|---|---|---|---|---|---|---|---|---|---|---|---|---|---|---|
| Military College of Signals (MCS) | Military College of Signals (MCS) | General Stacks | 12/12/2016 | 005.33,RAE | MCS378 | 12/08/2016 | 12/12/2016 | Book | Almirah No.81, Shelf No.3 | |||||
| Military College of Signals (MCS) | Military College of Signals (MCS) | General Stacks | 10/24/2022 | 005.33,RAE | MCS377 | 10/24/2022 | 10/24/2022 | Book | Almirah No.7, Shelf No.3 | |||||
| Military College of Signals (MCS) | Military College of Signals (MCS) | General Stacks | 10/24/2022 | 005.33,RAE | MCS379 | 10/24/2022 | 10/24/2022 | Book | Almirah No.81, Shelf No.3 |
